[Event "Catalunya-chT"]
[Site "Spain"]
[Date "2003.??.??"]
[Round "4"]
[White "Rodriguez Palet, Maties"]
[Black "Roch Sanchez, Ricard"]
[Result "1-0"]
[WhiteElo "2020"]
[BlackElo "2150"]
[PlyCount "93"]
[EventDate "2003.??.??"]
[EventType "team-tourn"]
[EventRounds "9"]
[EventCountry "ESP"]
[SourceTitle "EXT 2007"]
[Source "ChessBase"]
[SourceDate "2006.11.23"]
[SourceVersion "1"]
[SourceVersionDate "2006.11.23"]
[SourceQuality "1"]

1. e4 c5 2. Nc3 e6 3. g3 d6 4. Bg2 Nc6 5. Nge2 Nge7 6. d3 g6 7. 0-0 Bg7 8. a4 0-0 9. h3 Rb8 10. f4 a6 11. g4 Nd4 12. Ng3 f5 13. Nce2 fxg4 14. hxg4 b5 15. axb5 Rxb5 16. Rb1 Qb6 17. c3 Nb3 18. Be3 d5 19. e5 d4 20. Bf2 g5 21. Nh5 gxf4 22. Nxg7 Kxg7 23. c4 f3 24. cxb5 fxg2 25. Kxg2 Bb7+ 26. Kg1 Qxb5 27. Bh4 Qc6 28. Bf6+ Kg8 29. Kf2 c4 30. Ke1 Nd5 31. dxc4 Qxc4 32. Bg5 Qb4+ 33. Nc3 dxc3 34. Rxf8+ Kxf8 35. bxc3 Qxc3+ 36. Kf1 Qh3+ 37. Kf2 Qh2+ 38. Kf1 Qh1+ 39. Kf2 Qxd1 40. Rxd1 a5 41. Rh1 Kg7 42. Bh6+ Kg6 43. Bf8 Bc8 44. Rh6+ Kg5 45. Kg3 Nf4 46. Rxh7 Ng6 47. Rh5# 1-0